[Event "World Youth & Cadets Rapid Championships"]
[Site "Rhodes, Greece"]
[Date "2022.05.01"]
[Round "4.7"]
[White "Skrbec, Leon"]
[Black "Pidluznij, Gleb"]
[Result "1/2-1/2"]
[TimeControl "10'/game & 5\"/move"]
[WhiteElo "1873"]
[BlackElo "2051"]

1. e4 {[%clk 00:10:04]} {[%emt 00:00:05]} c5 {[%clk 00:10:09]} {[%emt
00:00:02]} 2. Nf3 {[%clk 00:10:07]} {[%emt 00:00:02]} Nc6 {[%clk 00:10:07]}
{[%emt 00:00:07]} 3. g3 {[%clk 00:09:43]} {[%emt 00:00:29]} g6 {[%clk
00:09:40]} {[%emt 00:00:32]} 4. Bg2 {[%clk 00:09:46]} {[%emt 00:00:02]} Bg7
{[%clk 00:09:44]} {[%emt 00:00:01]} 5. O-O {[%clk 00:09:48]} {[%emt 00:00:03]}
e5 {[%clk 00:09:31]} {[%emt 00:00:19]} 6. c3 {[%clk 00:09:47]} {[%emt
00:00:06]} Nge7 {[%clk 00:08:50]} {[%emt 00:00:46]} 7. Na3 {[%clk 00:09:46]}
{[%emt 00:00:06]} O-O {[%clk 00:08:37]} {[%emt 00:00:17]} 8. Nc2 {[%clk
00:09:18]} {[%emt 00:00:33]} d5 {[%clk 00:08:04]} {[%emt 00:00:38]} 9. d3
{[%clk 00:08:47]} {[%emt 00:00:35]} d4 {[%clk 00:07:37]} {[%emt 00:00:32]} 10.
cxd4 {[%clk 00:08:28]} {[%emt 00:00:24]} cxd4 {[%clk 00:07:34]} {[%emt
00:00:09]} 11. Bd2 {[%clk 00:07:59]} {[%emt 00:00:34]} h6 {[%clk 00:05:50]}
{[%emt 00:01:49]} 12. Nb4 {[%clk 00:07:30]} {[%emt 00:00:34]} Be6 {[%clk
00:05:48]} {[%emt 00:00:07]} 13. Nxc6 {[%clk 00:07:12]} {[%emt 00:00:24]} Nxc6
{[%clk 00:05:52]} {[%emt 00:00:01]} 14. a3 {[%clk 00:07:16]} {[%emt 00:00:01]}
a5 {[%clk 00:05:29]} {[%emt 00:00:28]} 15. Qc1 {[%clk 00:06:52]} {[%emt
00:00:29]} Kh7 {[%clk 00:05:07]} {[%emt 00:00:27]} 16. b4 {[%clk 00:06:11]}
{[%emt 00:00:46]} Qb6 {[%clk 00:03:52]} {[%emt 00:01:20]} 17. Qc5 {[%clk
00:05:32]} {[%emt 00:00:43]} Qxc5 {[%emt 00:00:06]} 18. bxc5 {[%clk 00:05:35]}
Rfc8 {[%clk 00:03:08]} {[%emt 00:00:50]} 19. Rab1 {[%clk 00:05:19]} {[%emt
00:00:21]} Ra7 {[%clk 00:02:56]} {[%emt 00:00:17]} 20. a4 {[%clk 00:05:09]}
{[%emt 00:00:15]} Nb4 {[%clk 00:02:09]} {[%emt 00:00:51]} 21. Bxb4 {[%clk
00:05:09]} {[%emt 00:00:05]} axb4 {[%clk 00:02:13]} 22. Rxb4 {[%clk 00:04:59]}
{[%emt 00:00:15]} Rxc5 {[%clk 00:02:17]} {[%emt 00:00:01]} 23. Rfb1 {[%clk
00:04:43]} {[%emt 00:00:20]} Rc3 {[%clk 00:01:30]} {[%emt 00:00:53]} 24. Ne1
{[%clk 00:04:32]} {[%emt 00:00:16]} Ra3 {[%clk 00:01:00]} {[%emt 00:00:36]} 25.
Rxb7 {[%clk 00:04:22]} {[%emt 00:00:14]} Rxb7 {[%clk 00:00:41]} {[%emt
00:00:24]} 26. Rxb7 {[%clk 00:04:25]} {[%emt 00:00:02]} Rxa4 {[%clk 00:00:40]}
{[%emt 00:00:06]} 27. Rb1 {[%clk 00:04:28]} {[%emt 00:00:02]} h5 {[%clk
00:00:41]} {[%emt 00:00:04]} 28. Kf1 {[%clk 00:04:00]} {[%emt 00:00:33]} Ra3
{[%clk 00:00:34]} {[%emt 00:00:12]} 29. Rb2 {[%clk 00:03:42]} {[%emt 00:00:23]}
Bf6 {[%clk 00:00:23]} {[%emt 00:00:16]} 30. Ke2 {[%clk 00:03:36]} {[%emt
00:00:11]} h4 {[%clk 00:00:19]} {[%emt 00:00:09]} 31. f4 {[%clk 00:03:08]}
{[%emt 00:00:33]} hxg3 {[%clk 00:00:15]} {[%emt 00:00:10]} 32. hxg3 {[%clk
00:03:11]} {[%emt 00:00:01]} Ra1 {[%clk 00:00:17]} {[%emt 00:00:03]} 33. Nf3
{[%clk 00:02:28]} {[%emt 00:00:48]} Bg4 {[%clk 00:00:19]} {[%emt 00:00:03]} 34.
Kf2 {[%clk 00:02:21]} {[%emt 00:00:12]} Bxf3 {[%clk 00:00:15]} {[%emt
00:00:08]} 35. Bxf3 {[%clk 00:02:22]} {[%emt 00:00:05]} Ra3 {[%clk 00:00:11]}
{[%emt 00:00:09]} 1/2-1/2

[Event "World Youth & Cadets Rapid Championships"]
[Site "Rhodes, Greece"]
[Date "2022.05.01"]
[Round "4.8"]
[White "Javornik, Nik"]
[Black "Herega, Nejc"]
[Result "1-0"]
[TimeControl "10'/game & 5\"/move"]
[WhiteElo "1864"]
[BlackElo "1940"]

1. e4 {[%clk 00:10:08]} {[%emt 00:00:02]} c5 {[%clk 00:10:07]} {[%emt
00:00:03]} 2. Nf3 {[%clk 00:10:11]} {[%emt 00:00:02]} d6 {[%clk 00:10:09]}
{[%emt 00:00:04]} 3. d4 {[%clk 00:10:15]} cxd4 {[%clk 00:10:12]} {[%emt
00:00:01]} 4. Nxd4 {[%clk 00:10:18]} {[%emt 00:00:03]} Nf6 {[%clk 00:10:11]}
{[%emt 00:00:05]} 5. Nc3 {[%clk 00:10:20]} {[%emt 00:00:03]} a6 {[%clk
00:10:14]} {[%emt 00:00:02]} 6. h3 {[%clk 00:10:21]} {[%emt 00:00:04]} e5
{[%clk 00:10:12]} {[%emt 00:00:07]} 7. Nb3 {[%clk 00:10:24]} {[%emt 00:00:02]}
Be7 {[%clk 00:10:14]} {[%emt 00:00:02]} 8. f4 {[%clk 00:10:27]} {[%emt
00:00:02]} Nc6 {[%clk 00:09:44]} {[%emt 00:00:36]} 9. Be3 {[%clk 00:10:16]}
{[%emt 00:00:16]} exf4 {[%clk 00:09:21]} {[%emt 00:00:29]} 10. Bxf4 {[%clk
00:10:19]} {[%emt 00:00:02]} Be6 {[%clk 00:09:14]} {[%emt 00:00:12]} 11. Qe2
{[%clk 00:09:00]} {[%emt 00:01:23]} Ne5 {[%clk 00:08:48]} {[%emt 00:00:31]} 12.
O-O-O {[%clk 00:08:36]} {[%emt 00:00:29]} Nfd7 {[%clk 00:08:41]} {[%emt
00:00:12]} 13. Nd4 {[%clk 00:06:55]} {[%emt 00:01:47]} O-O {[%clk 00:08:02]}
{[%emt 00:00:43]} 14. Kb1 {[%clk 00:06:43]} {[%emt 00:00:18]} Rc8 {[%clk
00:07:29]} {[%emt 00:00:38]} 15. Nf5 {[%clk 00:06:02]} {[%emt 00:00:45]} Bxf5
{[%clk 00:05:58]} {[%emt 00:01:36]} 16. exf5 {[%clk 00:06:06]} {[%emt
00:00:01]} Rxc3 {[%clk 00:05:53]} {[%emt 00:00:10]} 17. bxc3 {[%clk 00:05:10]}
{[%emt 00:01:01]} Qb6+ {[%clk 00:05:45]} {[%emt 00:00:14]} 18. Ka1 {[%clk
00:05:06]} {[%emt 00:00:09]} Bf6 {[%clk 00:05:26]} {[%emt 00:00:23]} 19. Qe3
{[%clk 00:04:52]} {[%emt 00:00:19]} Nc5 {[%clk 00:04:23]} {[%emt 00:01:09]} 20.
g4 {[%clk 00:04:54]} {[%emt 00:00:02]} Qa5 {[%clk 00:03:57]} {[%emt 00:00:32]}
21. Rxd6 {[%clk 00:04:08]} {[%emt 00:00:51]} Nxg4 {[%clk 00:03:34]} {[%emt
00:00:27]} 22. hxg4 {[%clk 00:03:38]} {[%emt 00:00:35]} Bxc3+ {[%clk 00:03:36]}
{[%emt 00:00:03]} 23. Kb1 {[%clk 00:03:42]} {[%emt 00:00:01]} Qa3 {[%clk
00:03:36]} {[%emt 00:00:05]} 24. Rb6 {[%clk 00:03:27]} {[%emt 00:00:21]} Rd8
{[%clk 00:03:11]} {[%emt 00:00:29]} 25. Bc4 {[%clk 00:02:38]} {[%emt 00:00:54]}
h5 {[%clk 00:02:28]} {[%emt 00:00:48]} 26. Bg5 {[%clk 00:02:00]} {[%emt
00:00:44]} Rc8 {[%clk 00:01:49]} {[%emt 00:00:43]} 27. Bxf7+ {[%clk 00:00:46]}
{[%emt 00:01:19]} Kxf7 {[%clk 00:01:30]} {[%emt 00:00:24]} 28. Rb3 {[%emt
00:00:03]} Qa4 {[%clk 00:00:53]} {[%emt 00:00:40]} 29. Qxc3 {[%clk 00:00:26]}
{[%emt 00:00:29]} Qe4 {[%clk 00:00:40]} {[%emt 00:00:18]} 30. Re1 {[%clk
00:00:18]} {[%emt 00:00:13]} Na4 {[%clk 00:00:08]} {[%emt 00:00:38]} 31. Qxc8
{[%clk 00:00:09]} {[%emt 00:00:14]} Qxe1+ {[%clk 00:00:11]} {[%emt 00:00:02]}
32. Bc1 {[%clk 00:00:13]} b5 {[%clk 00:00:06]} {[%emt 00:00:10]} 33. Qe6+
{[%clk 00:00:13]} {[%emt 00:00:04]} Qxe6 {[%clk 00:00:09]} {[%emt 00:00:02]} 34.
fxe6+ {[%clk 00:00:18]} {[%emt 00:00:01]} 1-0

[Event "World Youth & Cadets Rapid Championships"]
[Site "Rhodes, Greece"]
[Date "2022.05.01"]
[Round "4.9"]
[White "Morkunas, Gustas"]
[Black "Seemann, Jakub"]
[Result "0-1"]
[TimeControl "10'/game & 5\"/move"]
[WhiteElo "1955"]
[BlackElo "1984"]

1. e4 {[%clk 00:10:06]} {[%emt 00:00:03]} e6 {[%clk 00:10:08]} {[%emt
00:00:03]} 2. d4 {[%clk 00:10:09]} {[%emt 00:00:02]} d5 {[%clk 00:10:12]} 3.
Nc3 {[%clk 00:10:12]} {[%emt 00:00:02]} dxe4 {[%clk 00:10:15]} {[%emt
00:00:02]} 4. Nxe4 {[%clk 00:10:14]} {[%emt 00:00:03]} Nd7 {[%clk 00:10:18]}
{[%emt 00:00:01]} 5. Nf3 {[%clk 00:10:04]} {[%emt 00:00:15]} Ngf6 {[%emt
00:00:03]} 6. Bd3 {[%clk 00:09:41]} {[%emt 00:00:27]} c5 {[%clk 00:10:25]}
{[%emt 00:00:02]} 7. c3 {[%clk 00:09:32]} {[%emt 00:00:15]} Be7 {[%clk
00:10:00]} {[%emt 00:00:29]} 8. O-O {[%clk 00:09:27]} {[%emt 00:00:10]} O-O
{[%clk 00:10:01]} {[%emt 00:00:03]} 9. Re1 {[%clk 00:09:21]} {[%emt 00:00:11]}
b6 {[%emt 00:01:04]} 10. Ng3 {[%clk 00:08:10]} {[%emt 00:00:23]} Bb7 {[%clk
00:09:58]} {[%emt 00:00:03]} 11. Be3 {[%clk 00:07:08]} {[%emt 00:01:07]} Qc7
{[%clk 00:09:56]} {[%emt 00:00:07]} 12. Rc1 {[%clk 00:06:57]} {[%emt 00:00:15]}
Rad8 {[%clk 00:09:46]} {[%emt 00:00:15]} 13. Qe2 {[%clk 00:06:49]} {[%emt
00:00:14]} Nd5 {[%clk 00:09:27]} {[%emt 00:00:24]} 14. a3 {[%clk 00:05:33]}
{[%emt 00:01:22]} Nf4 {[%clk 00:09:22]} {[%emt 00:00:10]} 15. Bxf4 {[%clk
00:05:36]} Qxf4 {[%clk 00:09:24]} {[%emt 00:00:03]} 16. Be4 {[%clk 00:05:30]}
{[%emt 00:00:11]} Bc8 {[%clk 00:09:06]} {[%emt 00:00:23]} 17. Ne5 {[%clk
00:04:45]} {[%emt 00:00:50]} Nxe5 {[%clk 00:08:59]} {[%emt 00:00:12]} 18. Nh5
{[%clk 00:03:43]} {[%emt 00:01:07]} Qh6 {[%clk 00:07:47]} {[%emt 00:01:16]} 19.
dxe5 {[%clk 00:03:42]} {[%emt 00:00:06]} Rd2 {[%clk 00:07:51]} {[%emt
00:00:02]} 20. Qg4 {[%clk 00:03:40]} {[%emt 00:00:06]} Qg5 {[%clk 00:07:35]}
{[%emt 00:00:22]} 21. Qxg5 {[%clk 00:03:09]} {[%emt 00:00:36]} Bxg5 {[%clk
00:07:38]} {[%emt 00:00:01]} 22. f4 {[%clk 00:03:13]} {[%emt 00:00:01]} Be7
{[%clk 00:07:32]} {[%emt 00:00:10]} 23. b4 {[%clk 00:03:09]} {[%emt 00:00:11]}
Rfd8 {[%clk 00:07:32]} {[%emt 00:00:05]} 24. Ng3 {[%clk 00:02:10]} {[%emt
00:01:04]} Ba6 {[%clk 00:07:30]} {[%emt 00:00:06]} 25. Bf3 {[%clk 00:02:04]}
{[%emt 00:00:12]} Ra2 {[%clk 00:07:05]} {[%emt 00:00:30]} 26. Ra1 {[%clk
00:01:53]} {[%emt 00:00:16]} Rxa1 {[%clk 00:06:47]} {[%emt 00:00:22]} 27. Rxa1
{[%clk 00:01:57]} {[%emt 00:00:02]} f6 {[%clk 00:06:43]} {[%emt 00:00:07]} 28.
Re1 {[%clk 00:01:35]} {[%emt 00:00:29]} Bc4 {[%clk 00:06:43]} {[%emt 00:00:05]}
29. exf6 {[%clk 00:01:08]} {[%emt 00:00:32]} gxf6 {[%clk 00:06:41]} {[%emt
00:00:05]} 30. Nf5 {[%clk 00:00:57]} {[%emt 00:00:18]} Bf8 {[%emt 00:00:16]} 31.
Ne3 {[%clk 00:01:01]} Bb3 {[%clk 00:05:52]} {[%emt 00:00:43]} 32. Be2 {[%clk
00:00:48]} {[%emt 00:00:20]} cxb4 {[%clk 00:05:42]} {[%emt 00:00:14]} 33. axb4
{[%clk 00:00:47]} {[%emt 00:00:06]} Rc8 {[%clk 00:05:43]} {[%emt 00:00:04]} 34.
c4 {[%clk 00:00:42]} {[%emt 00:00:10]} a5 {[%clk 00:05:46]} {[%emt 00:00:02]}
35. c5 {[%clk 00:00:21]} {[%emt 00:00:27]} axb4 {[%clk 00:05:38]} {[%emt
00:00:12]} 36. cxb6 {[%clk 00:00:16]} {[%emt 00:00:10]} Bc5 {[%clk 00:05:41]}
{[%emt 00:00:03]} 37. Ba6 {[%clk 00:00:16]} {[%emt 00:00:04]} Rc6 {[%clk
00:05:11]} {[%emt 00:00:33]} 38. b7 {[%clk 00:00:15]} {[%emt 00:00:08]} Ba7
{[%clk 00:05:15]} {[%emt 00:00:01]} 39. Bb5 {[%clk 00:00:08]} {[%emt 00:00:12]}
Rb6 {[%clk 00:03:39]} {[%emt 00:01:40]} 40. Bc4 {[%clk 00:00:09]} {[%emt
00:00:05]} Bxc4 {[%clk 00:03:42]} {[%emt 00:00:02]} 41. Nxc4 {[%clk 00:00:13]}
{[%emt 00:00:01]} Rxb7+ {[%clk 00:03:36]} {[%emt 00:00:10]} 42. Kf1 {[%clk
00:00:17]} {[%emt 00:00:02]} b3 {[%clk 00:03:25]} {[%emt 00:00:16]} 43. Rb1
{[%clk 00:00:21]} {[%emt 00:00:01]} Rb4 {[%clk 00:03:19]} {[%emt 00:00:11]} 44.
Nd2 {[%clk 00:00:11]} {[%emt 00:00:16]} Rxf4+ {[%clk 00:02:52]} {[%emt
00:00:31]} 45. Ke1 {[%clk 00:00:08]} {[%emt 00:00:08]} Rf2 {[%clk 00:02:55]}
{[%emt 00:00:02]} 46. Rxb3 {[%clk 00:00:10]} {[%emt 00:00:03]} Rxg2 {[%clk
00:02:56]} {[%emt 00:00:03]} 47. Nf3 {[%clk 00:00:08]} {[%emt 00:00:08]} Bc5
{[%clk 00:02:50]} {[%emt 00:00:11]} 48. Rd3 {[%clk 00:00:08]} {[%emt 00:00:05]}
e5 {[%clk 00:02:33]} {[%emt 00:00:21]} 49. Rd8+ {[%clk 00:00:11]} {[%emt
00:00:03]} Kf7 {[%clk 00:02:35]} {[%emt 00:00:03]} 50. Rd7+ {[%clk 00:00:15]}
{[%emt 00:00:01]} Ke6 {[%clk 00:02:37]} {[%emt 00:00:03]} 51. Rxh7 {[%clk
00:00:16]} {[%emt 00:00:03]} e4 {[%clk 00:02:39]} {[%emt 00:00:03]} 52. Nd2
{[%clk 00:00:08]} {[%emt 00:00:14]} Bb4 {[%clk 00:02:41]} {[%emt 00:00:03]} 0-1

[Event "World Youth & Cadets Rapid Championships"]
[Site "Rhodes, Greece"]
[Date "2022.05.01"]
[Round "4.10"]
[White "Hagner, Bennet"]
[Black "Podolskyi, Mykhailo"]
[Result "1-0"]
[TimeControl "10'/game & 5\"/move"]
[WhiteElo "2186"]
[BlackElo "1948"]

1. e4 {[%clk 00:10:09]} {[%emt 00:00:01]} c5 {[%clk 00:10:03]} {[%emt
00:00:06]} 2. Nf3 {[%clk 00:10:12]} {[%emt 00:00:02]} e6 {[%clk 00:10:05]}
{[%emt 00:00:03]} 3. d4 {[%clk 00:10:15]} {[%emt 00:00:03]} cxd4 {[%clk
00:10:08]} {[%emt 00:00:01]} 4. Nxd4 {[%clk 00:10:18]} {[%emt 00:00:02]} Nf6
{[%clk 00:10:03]} {[%emt 00:00:10]} 5. Nc3 {[%clk 00:10:22]} {[%emt 00:00:02]}
Nc6 {[%clk 00:10:06]} {[%emt 00:00:02]} 6. Ndb5 {[%clk 00:10:25]} {[%emt
00:00:02]} Bc5 {[%clk 00:10:09]} {[%emt 00:00:02]} 7. Bf4 {[%clk 00:10:26]}
{[%emt 00:00:04]} O-O {[%clk 00:10:04]} {[%emt 00:00:10]} 8. Bc7 {[%clk
00:10:28]} {[%emt 00:00:02]} Qe7 {[%clk 00:09:57]} {[%emt 00:00:12]} 9. Bd6
{[%clk 00:10:31]} {[%emt 00:00:02]} Bxd6 {[%clk 00:10:00]} {[%emt 00:00:02]} 10.
Qxd6 {[%clk 00:10:34]} {[%emt 00:00:02]} Qd8 {[%clk 00:09:57]} {[%emt
00:00:08]} 11. O-O-O {[%clk 00:10:27]} {[%emt 00:00:13]} a6 {[%clk 00:09:15]}
{[%emt 00:00:48]} 12. Nd4 {[%clk 00:10:16]} {[%emt 00:00:15]} Ne8 {[%clk
00:09:10]} {[%emt 00:00:09]} 13. Qg3 {[%clk 00:09:14]} {[%emt 00:01:07]} Nxd4
{[%clk 00:08:13]} {[%emt 00:01:03]} 14. Rxd4 {[%clk 00:09:18]} {[%emt
00:00:01]} b5 {[%clk 00:08:13]} {[%emt 00:00:05]} 15. Be2 {[%clk 00:07:46]}
{[%emt 00:01:36]} d6 {[%clk 00:05:50]} {[%emt 00:02:29]} 16. Rhd1 {[%clk
00:07:15]} {[%emt 00:00:36]} Qa5 {[%clk 00:05:21]} {[%emt 00:00:32]} 17. a3
{[%clk 00:06:06]} {[%emt 00:01:15]} e5 {[%clk 00:04:59]} {[%emt 00:00:27]} 18.
R4d3 {[%clk 00:05:26]} {[%emt 00:00:46]} Be6 {[%clk 00:04:55]} {[%emt
00:00:09]} 19. f4 {[%clk 00:05:01]} {[%emt 00:00:29]} exf4 {[%clk 00:01:40]}
{[%emt 00:03:20]} 20. Qxf4 {[%clk 00:05:04]} {[%emt 00:00:03]} b4 {[%clk
00:01:30]} {[%emt 00:00:15]} 21. Nd5 {[%clk 00:04:47]} {[%emt 00:00:22]} Bxd5
{[%clk 00:01:06]} {[%emt 00:00:29]} 22. Rxd5 {[%clk 00:04:47]} {[%emt
00:00:04]} Qb6 {[%clk 00:01:09]} {[%emt 00:00:02]} 23. axb4 {[%clk 00:04:10]}
{[%emt 00:00:43]} Qxb4 {[%clk 00:01:09]} {[%emt 00:00:05]} 24. R5d4 {[%clk
00:03:40]} {[%emt 00:00:35]} Qa5 {[%clk 00:00:52]} {[%emt 00:00:21]} 25. Kb1
{[%clk 00:03:23]} {[%emt 00:00:22]} Rb8 {[%clk 00:00:39]} {[%emt 00:00:18]} 26.
Bc4 {[%clk 00:03:07]} {[%emt 00:00:22]} Qb6 {[%clk 00:00:14]} {[%emt 00:00:30]}
27. Bb3 {[%clk 00:02:41]} {[%emt 00:00:30]} a5 {[%clk 00:00:14]} {[%emt
00:00:06]} 28. h4 {[%clk 00:01:49]} {[%emt 00:00:57]} Qb5 {[%clk 00:00:10]}
{[%emt 00:00:09]} 29. g4 {[%clk 00:01:31]} {[%emt 00:00:23]} Nf6 {[%clk
00:00:08]} {[%emt 00:00:08]} 30. g5 {[%clk 00:01:16]} {[%emt 00:00:20]} Nd7
{[%clk 00:00:11]} 31. Qxd6 {[%clk 00:00:53]} {[%emt 00:00:28]} Nc5 {[%clk
00:00:08]} {[%emt 00:00:08]} 32. Rd5 {[%clk 00:00:56]} {[%emt 00:00:01]} Rfc8
{[%clk 00:00:09]} {[%emt 00:00:04]} 33. Rf5 {[%clk 00:00:27]} {[%emt 00:00:35]}
a4 {[%clk 00:00:10]} {[%emt 00:00:04]} 34. Bxf7+ {[%clk 00:00:24]} {[%emt
00:00:08]} Kh8 {[%clk 00:00:11]} {[%emt 00:00:03]} 35. Qd4 {[%clk 00:00:21]}
{[%emt 00:00:09]} a3 {[%clk 00:00:08]} {[%emt 00:00:08]} 36. b3 {[%clk
00:00:09]} {[%emt 00:00:17]} a2+ {[%clk 00:00:10]} {[%emt 00:00:03]} 37. Ka1
{[%clk 00:00:11]} {[%emt 00:00:03]} Qa6 {[%clk 00:00:07]} {[%emt 00:00:08]} 38.
Rxc5 {[%clk 00:00:11]} {[%emt 00:00:05]} Rf8 {[%clk 00:00:06]} {[%emt
00:00:07]} 39. Bc4 {[%clk 00:00:13]} {[%emt 00:00:02]} Qa3 {[%clk 00:00:09]}
{[%emt 00:00:02]} 40. Rc7 {[%clk 00:00:12]} {[%emt 00:00:05]} Rg8 {[%clk
00:00:07]} {[%emt 00:00:07]} 41. Bxg8 {[%clk 00:00:15]} {[%emt 00:00:02]} Rxg8
{[%clk 00:00:11]} 42. h5 {[%clk 00:00:13]} {[%emt 00:00:07]} Qa5 {[%clk
00:00:14]} {[%emt 00:00:02]} 43. Rd7 {[%clk 00:00:16]} {[%emt 00:00:03]} Qxg5
{[%clk 00:00:17]} {[%emt 00:00:02]} 44. Rd8 {[%clk 00:00:16]} {[%emt 00:00:05]}
Qxh5 {[%clk 00:00:18]} {[%emt 00:00:04]} 45. Rxg8+ {[%clk 00:00:19]} {[%emt
00:00:02]} Kxg8 {[%clk 00:00:22]} {[%emt 00:00:01]} 46. Qd5+ {[%clk 00:00:20]}
{[%emt 00:00:04]} 1-0

[Event "World Youth & Cadets Rapid Championships"]
[Site "Rhodes, Greece"]
[Date "2022.05.01"]
[Round "4.11"]
[White "Krawczyk, Flawian"]
[Black "Uritsky, Yonathan"]
[Result "1-0"]
[TimeControl "10'/game & 5\"/move"]
[WhiteElo "1835"]
[BlackElo "1932"]

1. d4 {[%clk 00:10:09]} Nf6 {[%clk 00:10:09]} {[%emt 00:00:02]} 2. c4 {[%clk
00:10:12]} c5 {[%clk 00:10:13]} {[%emt 00:00:02]} 3. d5 {[%clk 00:10:16]} b5
{[%clk 00:10:17]} 4. cxb5 {[%clk 00:10:20]} {[%emt 00:00:01]} a6 {[%clk
00:10:21]} {[%emt 00:00:01]} 5. bxa6 {[%clk 00:10:24]} {[%emt 00:00:01]} g6
{[%clk 00:10:25]} {[%emt 00:00:01]} 6. Nc3 {[%clk 00:10:27]} {[%emt 00:00:01]}
Bg7 {[%clk 00:10:29]} 7. e4 {[%clk 00:10:31]} {[%emt 00:00:02]} O-O {[%clk
00:10:32]} {[%emt 00:00:02]} 8. e5 {[%clk 00:10:35]} {[%emt 00:00:01]} Ne8
{[%clk 00:10:35]} {[%emt 00:00:01]} 9. h4 {[%clk 00:10:40]} {[%emt 00:00:01]}
Bxe5 {[%clk 00:10:31]} {[%emt 00:00:09]} 10. Bh6 {[%clk 00:10:43]} {[%emt
00:00:02]} Bg7 {[%clk 00:10:19]} {[%emt 00:00:16]} 11. Qd2 {[%clk 00:10:36]}
{[%emt 00:00:13]} Bxa6 {[%clk 00:10:16]} {[%emt 00:00:08]} 12. Nf3 {[%clk
00:10:36]} {[%emt 00:00:05]} Bxf1 {[%clk 00:09:59]} {[%emt 00:00:22]} 13. Kxf1
{[%clk 00:10:40]} Qb6 {[%clk 00:09:18]} {[%emt 00:00:46]} 14. h5 {[%clk
00:09:46]} {[%emt 00:00:59]} Na6 {[%clk 00:09:01]} {[%emt 00:00:22]} 15. Bxg7
{[%clk 00:09:35]} {[%emt 00:00:16]} Nxg7 {[%clk 00:09:03]} {[%emt 00:00:03]} 16.
hxg6 {[%clk 00:09:27]} {[%emt 00:00:13]} fxg6 {[%clk 00:07:59]} {[%emt
00:01:09]} 17. Qh6 {[%clk 00:08:29]} {[%emt 00:01:03]} Qxb2 {[%clk 00:06:34]}
{[%emt 00:01:30]} 18. Re1 {[%clk 00:07:31]} {[%emt 00:01:03]} Qxc3 {[%clk
00:03:04]} {[%emt 00:03:35]} 19. Ng5 {[%clk 00:07:23]} {[%emt 00:00:12]} Rxf2+
{[%clk 00:02:14]} {[%emt 00:00:56]} 20. Kxf2 {[%clk 00:07:27]} {[%emt
00:00:01]} Qd2+ {[%clk 00:01:40]} {[%emt 00:00:39]} 21. Kf1 {[%clk 00:06:43]}
{[%emt 00:00:48]} Qd3+ {[%clk 00:00:11]} {[%emt 00:01:34]} 22. Kg1 {[%clk
00:06:26]} {[%emt 00:00:22]} Qd4+ {[%clk 00:00:15]} {[%emt 00:00:02]} 23. Kh2
{[%clk 00:06:03]} {[%emt 00:00:28]} Qf4+ {[%clk 00:00:14]} {[%emt 00:00:06]} 24.
Kh3 {[%clk 00:05:18]} {[%emt 00:00:50]} Qf5+ {[%clk 00:00:18]} 25. g4 {[%clk
00:05:19]} {[%emt 00:00:04]} Qd3+ {[%clk 00:00:20]} {[%emt 00:00:03]} 26. Kh4
{[%clk 00:05:23]} {[%emt 00:00:01]} Nf5+ {[%clk 00:00:11]} {[%emt 00:00:13]} 27.
gxf5 {[%clk 00:05:27]} {[%emt 00:00:02]} Qd4+ {[%clk 00:00:15]} {[%emt
00:00:02]} 28. Kg3 {[%clk 00:05:21]} {[%emt 00:00:10]} Qd3+ {[%clk 00:00:17]}
{[%emt 00:00:03]} 29. Nf3 {[%clk 00:05:24]} {[%emt 00:00:02]} 1-0